General Knowledge #5 - Statistics

General Stats
  • This quiz has been taken 20 times
  • The average score is 6 of 10
Answer Stats
Hint Answer % Correct
Which continent has the most countries? Africa
90%
Who painted The Starry Night? Vincent van Gogh
90%
Who painted the ceiling of the Sistine Chapel? Michelangelo
85%
What is the capital of Turkey? Ankara
80%
Which planet is closest to the Sun? Mercury
75%
What is the largest island in the world? Greenland
70%
Which part of the cell contains genetic material? Nucleus
45%
Which organ is responsible for filtering blood in the human body? Kidneys
35%
What part of the brain controls balance and coordination? Cerebellum
0%
What is the study of fossils called? Palaeontology
0%
No matching quizzes found
Score Distribution
Percent of People with Each Score
Percentile by Number Answered
Your Score History
You have not taken this quiz